000 01073nam a22002657a 4500
010 _a1617EN ENG-116950
020 _a9780198073802
_c650.00
035 _aB-651460-469
035 _aEN-100482
035 _aB-666234
037 _adpl
_bPragati
037 _bDBAD/PUB
082 _a621.382
100 _aLathi, B.P.
245 _aModern Digital and Analog Communication Systems /
_cby B.P. Lathi [and] Zhi Ding
250 _a4th ed.
260 _aNew Delhi
_bOxford University Press
_c2016(rpt)
270 _aYMCA Building Jai Singh Road
_bNew Delhi
_e110001
300 _axxi, 903 p.
_c26cm
_billus.
500 _aIncludes index
700 _aDing ,Zhi
942 _2ddc
_cEN
_h621.382
_mLAT
999 _c101930
_d101930